Enzymes: Biochemistry, biotechnology, and clinical chemistry (Record no. 149806)

MARC details
000 -LEADER
fixed length control field 00425nam a2200157Ia 4500
008 - FIXED-LENGTH DATA ELEMENTS--GENERAL INFORMATION
fixed length control field 230917s9999||||xx |||||||||||||| ||und||
040 ## - CATALOGING SOURCE
-- 175153
Original cataloging agency VIVEKANANDA LIBRARY
041 ## - Language
-- English
082 ## - DDC NUMBER
Classification number 574.1925 P182E(2)
100 ## - MAIN ENTRY--PERSONAL NAME
Personal name Palmer, Trevor
245 #0 - TITLE STATEMENT
Title Enzymes: Biochemistry, biotechnology, and clinical chemistry
250 ## - EDITION STATEMENT
Edition statement 2nd ed.
260 ## - PUBLICATION, DISTRIBUTION, ETC. (IMPRINT)
Place of publication, distribution, etc New Delhi
Name of publisher, distributor, etc East-West Press
Date of publication, distribution, etc 2008
300 ## - PHYSICAL DESCRIPTION
Pages xiv, 416 p.
942 ## - ADDED ENTRY ELEMENTS (KOHA)
Koha item type Books
Holdings
Withdrawn status Lost status Damaged status Not for loan Location (home branch) Sublocation or collection (holding branch) Date acquired Koha issues (times borrowed) Koha full call number Accession No. Koha date last seen Koha item type Shelving location
        VIVEKANANDA LIBRARY VIVEKANANDA LIBRARY 19/01/2010   574.1925 P182E(2) 271051 17/09/2023 Books  
        VIVEKANANDA LIBRARY VIVEKANANDA LIBRARY 19/01/2010   574.1925 P182E(2) 271052 17/09/2023 Books  
        VIVEKANANDA LIBRARY VIVEKANANDA LIBRARY 19/01/2010   574.1925 P182E(2) 271053 17/09/2023 Books  
        VIVEKANANDA LIBRARY VIVEKANANDA LIBRARY 19/01/2010   574.1925 P182E(2) 283567 17/09/2023 Books  
        VIVEKANANDA LIBRARY VIVEKANANDA LIBRARY 19/01/2010   574.1925 P182E(2) 283568 17/09/2023 Books  
        VIVEKANANDA LIBRARY VIVEKANANDA LIBRARY 19/01/2010   574.1925 P182E(2) 283569 17/09/2023 Books  
        VIVEKANANDA LIBRARY VIVEKANANDA LIBRARY 19/01/2010 1 574.1925 P182E(2) 283570 03/05/2025 Books  
        VIVEKANANDA LIBRARY VIVEKANANDA LIBRARY 19/01/2010   574.1925 P182E(2) 283571 17/09/2023 Books  
        VIVEKANANDA LIBRARY VIVEKANANDA LIBRARY 19/01/2010   574.1925 P182E(2) 289645 17/09/2023 Books UIET Library
© Designed and Maintained by Vivekananda Library, MDU Rohtak